[Event "IPCA Wch Blitz 23rd"]
[Site "Gyumri"]
[Date "2024.07.24"]
[Round "4"]
[White "Glazar, Domagoj"]
[Black "Aleksandrova, Aleksandra"]
[Result "1/2-1/2"]
[WhiteElo "2073"]
[BlackElo "1893"]
[PlyCount "98"]
[EventDate "2024.07.24"]
[EventType "swiss (blitz)"]
[EventRounds "7"]
[EventCountry "ARM"]
[SourceTitle "CBM 221 Extra"]
[Source "ChessBase"]
[SourceDate "2024.09.30"]
[SourceVersion "1"]
[SourceVersionDate "2024.09.30"]
[SourceQuality "1"]

1. d4 d5 2. c4 e6 3. Nc3 c6 4. e4 dxe4 5. Nxe4 Nf6 6. Nxf6+ Qxf6 7. Nf3 h6 8. Bd3 Bb4+ 9. Bd2 Bxd2+ 10. Qxd2 Nd7 11. 0-0 0-0 12. Qe3 a5 13. b3 Rd8 14. Rad1 Nf8 15. Rfe1 Bd7 16. Bb1 b5 17. c5 Qe7 18. Ne5 Be8 19. Be4 Rac8 20. h3 f6 21. Nf3 Qc7 22. Bb1 Bf7 23. Nd2 f5 24. Nf3 Rd5 25. Ne5 Rcd8 26. g4 Ng6 27. Nxg6 Bxg6 28. Qxe6+ Bf7 29. Qe3 Re8 30. Qd3 Rxe1+ 31. Rxe1 Qd8 32. gxf5 Rxd4 33. Qg3 Rd1 34. Qe3 Qd5 35. Be4 Rxe1+ 36. Qxe1 Qxc5 37. Qe3 Qa3 38. f6 Qxa2 39. fxg7 Qa1+ 40. Kh2 Qxg7 41. Bxc6 Qg5 42. Qxg5+ hxg5 43. Bxb5 Bxb3 44. Kg3 Kg7 45. Kg4 Kg6 46. h4 gxh4 47. Kxh4 Kf5 48. Kg3 a4 49. Bxa4 Bxa4 1/2-1/2

[Event "IPCA Wch 20th"]
[Site "Torrevieja"]
[Date "2021.10.21"]
[Round "4"]
[White "Pilimon, Zbigniew"]
[Black "Aleksandrova, Aleksandra"]
[Result "1-0"]
[WhiteElo "1638"]
[BlackElo "1728"]
[PlyCount "115"]
[EventDate "2021.10.18"]
[EventType "swiss"]
[EventRounds "9"]
[EventCountry "ESP"]
[SourceTitle "EXT 2023"]
[Source "ChessBase"]
[SourceDate "2022.10.05"]
[SourceVersion "1"]
[SourceVersionDate "2022.10.05"]
[SourceQuality "1"]

1. d4 d6 2. c4 c6 3. Nc3 f5 4. e4 fxe4 5. Nxe4 Bf5 6. Bd3 Na6 7. Nf3 Nf6 8. Qe2 Nxe4 9. Bxe4 g6 10. 0-0 Qd7 11. Re1 h6 12. Bd2 Kf7 13. Bc3 Re8 14. d5 Bg7 15. Bxg7 Kxg7 16. Nd4 cxd5 17. Bxf5 gxf5 18. Ne6+ Kf6 19. Qd2 Reg8 20. Qd4+ Kf7 21. Qxd5 Ke8 22. a3 Qc6 23. b4 Rg4 24. Rac1 Rhg8 25. g3 f4 26. Nxf4 Nc7 27. Qf5 R8g5 28. Qc8+ Kf7 29. Nd5 Nxd5 30. Qe6+ Kg7 31. cxd5 Qxd5 32. Qxe7+ Kh8 33. Qf8+ Kh7 34. Rc7+ Rg7 35. Rxg7+ Rxg7 36. Qf4 Qd3 37. Qe4+ Qxe4 38. Rxe4 d5 39. Rd4 Rd7 40. f4 Kg6 41. g4 h5 42. h3 hxg4 43. hxg4 Kf6 44. Kf2 Ke6 45. a4 Rc7 46. Ke3 Rc3+ 47. Rd3 Rc4 48. Rb3 Re4+ 49. Kf3 Rc4 50. a5 b5 51. Re3+ Kd6 52. f5 Rxb4 53. Re6+ Kd7 54. g5 Rb3+ 55. Kf4 d4 56. g6 Rb1 57. g7 Rg1 58. Rg6 1-0

[Event "IPCA Wch 20th"]
[Site "Torrevieja"]
[Date "2021.10.19"]
[Round "2"]
[White "Wollner, Bohus"]
[Black "Aleksandrova, Aleksandra"]
[Result "0-1"]
[WhiteElo "1107"]
[BlackElo "1728"]
[PlyCount "50"]
[EventDate "2021.10.18"]
[EventType "swiss"]
[EventRounds "9"]
[EventCountry "ESP"]
[SourceTitle "EXT 2023"]
[Source "ChessBase"]
[SourceDate "2022.10.05"]
[SourceVersion "1"]
[SourceVersionDate "2022.10.05"]
[SourceQuality "1"]

1. d4 d5 2. Nf3 Nd7 3. c4 e6 4. Nc3 c6 5. e3 Bd6 6. Be2 a5 7. 0-0 f5 8. Bd3 g6 9. Bd2 Qe7 10. Re1 Ngf6 11. c5 Bc7 12. a3 Ng4 13. g3 e5 14. Nxe5 Ngxe5 15. dxe5 Nxc5 16. f4 Nxd3 17. Rf1 Nxb2 18. Qc2 Nc4 19. Bc1 b5 20. Ne2 Bd7 21. Nd4 c5 22. Nf3 a4 23. Qd3 Bc6 24. Ng5 Nxe5 25. fxe5 Bxe5 0-1

[Event "ISR-ch (Women)"]
[Site "Jerusalem"]
[Date "2021.03.07"]
[Round "1"]
[White "Levitan, Ronit"]
[Black "Aleksandrova, Aleksandra"]
[Result "1-0"]
[WhiteElo "2048"]
[BlackElo "1769"]
[PlyCount "75"]
[EventDate "2021.03.07"]
[EventType "swiss"]
[EventRounds "9"]
[EventCountry "ISR"]
[SourceTitle "CBM 201 Extra"]
[Source "ChessBase"]
[SourceDate "2021.05.31"]
[SourceVersion "1"]
[SourceVersionDate "2021.05.31"]
[SourceQuality "1"]

1. e4 d6 2. d4 c6 3. Nc3 Nd7 4. Nf3 Qc7 5. a4 e5 6. Bc4 Be7 7. a5 Rb8 8. Ng5 Bxg5 9. Bxg5 Ndf6 10. 0-0 h6 11. Be3 b5 12. axb6 axb6 13. dxe5 dxe5 14. Be2 Be6 15. f3 Nd7 16. Qe1 Ne7 17. Qg3 Ng6 18. Na2 0-0 19. Nb4 Qd6 20. Nd3 Nf6 21. Ra6 Bc4 22. Rxb6 Rxb6 23. Bxb6 Bxd3 24. Bxd3 Nf4 25. Be3 N6h5 26. Qg4 Nf6 27. Qh4 Nxd3 28. cxd3 Qxd3 29. Bxh6 Qd4+ 30. Kh1 Qd3 31. Rg1 Nxe4 32. Bxg7 Kxg7 33. fxe4 Qd4 34. Rf1 f6 35. Qg4+ Kf7 36. Rd1 Qc4 37. h3 Qe6 38. Rd7+ 1-0

[Event "Olympiad Women-43"]
[Site "Batumi"]
[Date "2018.10.03"]
[Round "9.2"]
[White "Smith, Olivia"]
[Black "Aleksandrova, Aleksandra"]
[Result "1-0"]
[WhiteElo "2013"]
[BlackElo "1801"]
[PlyCount "44"]
[EventDate "2018.09.24"]
[EventType "team-swiss"]
[EventRounds "11"]
[EventCountry "GEO"]
[SourceTitle "EXT 2020"]
[Source "ChessBase"]
[SourceDate "2019.10.17"]
[SourceVersion "1"]
[SourceVersionDate "2019.10.17"]
[SourceQuality "1"]
[WhiteTeam "Wales (W)"]
[BlackTeam "IPCA (W)"]
[WhiteTeamCountry "WLS"]

1. e4 d6 2. d4 Nd7 3. Nc3 c6 4. f4 e5 5. Nf3 exd4 6. Qxd4 Qb6 7. Be3 Qxb2 8. Rb1 Qa3 9. Bc4 Nh6 10. 0-0 Ng4 11. Ng5 d5 12. exd5 Ndf6 13. dxc6 Be6 14. cxb7 Rb8 15. Bxe6 fxe6 16. Nxe6 Kf7 17. Ng5+ Kg6 18. Qd3+ Kh5 19. Rb5 Rxb7 20. Nf7+ Rxb5 21. Qxb5+ Bc5 22. Bxc5 a6 1-0

[Event "Olympiad Women-43"]
[Site "Batumi"]
[Date "2018.10.01"]
[Round "7.31"]
[White "Aleksandrova, Aleksandra"]
[Black "Malillo, Phera"]
[Result "1-0"]
[WhiteElo "1801"]
[BlackElo "1350"]
[PlyCount "65"]
[EventDate "2018.09.24"]
[EventType "team-swiss"]
[EventRounds "11"]
[EventCountry "GEO"]
[SourceTitle "EXT 2020"]
[Source "ChessBase"]
[SourceDate "2019.10.17"]
[SourceVersion "1"]
[SourceVersionDate "2019.10.17"]
[SourceQuality "1"]
[WhiteTeam "IPCA (W)"]
[BlackTeam "Lesotho (W)"]
[BlackTeamCountry "LES"]

1. d4 Nf6 2. Nf3 g6 3. Nbd2 Bg7 4. e4 d6 5. c3 Nbd7 6. Qb3 0-0 7. Bc4 e5 8. Ng5 Qe7 9. d5 Nb6 10. Be2 Nfxd5 11. Nxh7 Kxh7 12. exd5 e4 13. c4 Re8 14. Nf1 c6 15. Be3 Nd7 16. h4 Kg8 17. h5 Qf6 18. hxg6 Qxg6 19. Bh5 Qxg2 20. Rh2 Qg1 21. dxc6 bxc6 22. c5 d5 23. f4 exf3 24. 0-0-0 Rxe3 25. Qxe3 Qxe3+ 26. Nxe3 Nxc5 27. Bxf3 Rb8 28. b3 Kf8 29. Rh5 Bb7 30. Nf5 Bf6 31. Rdh1 Nd3+ 32. Kd2 Nf4 33. Rh8+ 1-0